000
00221nam a2200097Ia 4500
008
180219s9999 xx 000 0 und d
100
_a
Singh Surjit
245
0
_a
Electrical Engineering Drawing Part 1
260
_c
2013
300
_a
0
942
_e
2nd
999
_c
43586
_d
43586